On This Day: June 22nd II Quiz Stats

 Plays Quiz Updated Jun 22, 2018

Score 0/7 Timer 03:00
0 Plays Today
Question Answer Wrong Answers
Checkpoint ______, the name given by Western Allies to the best-known Berlin Wall crossing point, is dismantled.
1990
Charlie
95.9%
Chucky
1.2%
Chad
0.9%
Chester
1.1%
This US President and former Civil War general signs a bill into law which creates the United States Department of Justice.
1870
Ulysses S. Grant
85.1%
Andrew Johnson
6%
Rutherford B. Hayes
3.9%
James A. Garfield
5%
The ______, which was largely devised by Francis Bellamy, is formally adopted by Congress.
1942
Pledge of Allegiance
73%
National Anthem
8.9%
Seal of the United States
14.3%
American Creed
3.2%
This American author and academic, best known for his Robert Langdon series of thriller novels, is born.
1964
Dan Brown
67.1%
John Grisham
10.7%
Tom Clancy
15.3%
Dean Koontz
6.1%
Fernando Lugo, President of this landlocked nation, is removed from office by impeachment, and is succeeded by Federico Franco.
2012
Paraguay
56.4%
Uruguay
21.4%
Ecuador
16.3%
Suriname
5%
Nazi Germany begins Operation Barbarossa, invading this nation.
1941
Soviet Union
52.1%
France
17.5%
Austria
17.6%
Hungary
12.5%
______ and Mary of Teck are crowned King and Queen of the United Kingdom of Great Britain and Ireland.
1911
George V
47.3%
Edward VIII
20.3%
William IV
24.7%
Charles II
7.6%

You're not logged in!

Compare scores with friends on all Sporcle quizzes.
OR
Log In

Sporcle TV

Today on Sporcle TV


Watch our educational content, quiz creation guides, and fun videos on Sporcle TV.

Show Comments

Extras

Top Quizzes Today


Score Distribution

Your Account Isn't Verified!

In order to create a playlist on Sporcle, you need to verify the email address you used during registration. Go to your Sporcle Settings to finish the process.

Report this User

Report this user for behavior that violates our Community Guidelines.

Details: